| 000 | 02072nam a2200565Ii 4500 | ||
|---|---|---|---|
| 001 | DIGSIRLA0369 | ||
| 003 | NyNyDIG | ||
| 008 | 160331t20102010sp o 000 f spa d | ||
| 006 | m o d | ||
| 007 | cr ||||||||||| | ||
| 035 | _a(OCoLC)945876605 | ||
| 040 |
_aDGITA _beng _erda _epn _cDGITA |
||
| 020 |
_a9788498414875 _q(eBook ; _qePub) |
||
| 020 |
_a8498414873 _q(eBook ; _qePub) |
||
| 020 |
_a9788498417548 _q(eBook ; _qKindle) |
||
| 020 |
_a8498417546 _q(eBook ; _qKindle) |
||
| 020 | _z8498410177 | ||
| 020 | _z9788498410174 | ||
| 041 | 1 |
_aspa _heng |
|
| 043 | _ae-uk-en | ||
| 050 | 1 | 4 | _aPR6103.R69 eBook |
| 082 | 0 | 4 |
_a823.92 _223 |
| 100 | 1 |
_aCrowther, Yasmin, _eauthor. |
|
| 240 | 1 | 0 |
_aSaffron kitchen. _lSpanish |
| 245 | 1 | 3 |
_aLa cocina del azafrán / _cYasmin Crowther ; traducción del inglés de Encarna Castejón. |
| 250 | _aEdición en formato digital. | ||
| 264 | 1 |
_aMadrid : _bEdiciones Siruela, _cseptiembre de 2010. |
|
| 264 | 4 | _c©2010 | |
| 300 | _a1 online resource. | ||
| 336 |
_atext _btxt _2rdacontent |
||
| 337 |
_acomputer _bc _2rdamedia |
||
| 338 |
_aonline resource _bcr _2rdacarrier |
||
| 490 | 1 |
_aNuevos tiempos ; _v85 |
|
| 588 | 0 | _aOnline resource; title from ePub title page (Digitalia, viewed April 1, 2016) | |
| 650 | 0 |
_aMothers and daughters _vFiction. |
|
| 650 | 0 |
_aIranians _zEngland _zLondon _vFiction. |
|
| 651 | 0 |
_aLondon (England) _vFiction. |
|
| 650 | 0 |
_aExiles _vFiction. |
|
| 655 | 7 |
_aDomestic fiction. _2lcgft |
|
| 655 | 0 | _aElectronic books. | |
| 700 | 1 |
_aCastejón, Encarna, _etranslator. |
|
| 700 | 1 |
_iTranslation of: _aCrowther, Yasmin. _tSaffron kitchen. |
|
| 791 | 2 |
_aDigitalia (Firm), _edistributor. |
|
| 793 | 0 |
_gDigitalia eBook Collection: _aSiruela |
|
| 776 | 0 | 8 |
_iPrint version: _aCrowther, Yasmin. _sSaffron kitchen. Spanish. _tCocina del azafrán. _dMadrid : Ediciones Siruela, ©2006. _z8498410177 |
| 830 | 0 |
_aNuevos tiempos (Madrid, Spain) ; _v85. |
|
| 856 | 4 | 0 |
_3Digitalia Hispánica _uhttps://www.digitaliapublishing.com/a/32199/ |
| 910 | _aPremium Collection: 2016 | ||
| 942 | _cRAA | ||
| 999 |
_c241204 _d241204 |
||